| 000 | 00485ntaaa2200193 4500 | ||
|---|---|---|---|
| 003 | 01 | ||
| 005 | 20251027202847.0 | ||
| 008 | 0714s1973 ag 01 | ||
| 040 |
_aAR-BaBN _bspa _cAR-BaBN _eaacr _dRIC |
||
| 082 | _a269.0000 H25 | ||
| 100 |
_aHartt, Julian N _929174 |
||
| 245 | _aToward a theology of evangelism | ||
| 250 | _a1 ed. | ||
| 260 |
_aNashville : _bAbingdon Press, _c1955 |
||
| 300 | _a123 p | ||
| 650 |
_aevangelismo _9336 |
||
| 650 | _ateologĂa-evangelismo | ||
| 942 | _cBK | ||
| 999 |
_c23978 _d23978 |
||